Algorithms- (E-BOOK) (Record no. 191364)
[ view plain ]
| 000 -LEADER | |
|---|---|
| fixed length control field | 01361 a2200169 4500 |
| 003 - CONTROL NUMBER IDENTIFIER | |
| control field | Nust |
| 005 - DATE AND TIME OF LATEST TRANSACTION | |
| control field | 20170207154014.0 |
| 020 ## - INTERNATIONAL STANDARD BOOK NUMBER | |
| International Standard Book Number | O201066726 |
| 040 ## - CATALOGING SOURCE | |
| Transcribing agency | Nust |
| 082 ## - DEWEY DECIMAL CLASSIFICATION NUMBER | |
| Classification number | 519.4 |
| 100 ## - MAIN ENTRY--PERSONAL NAME | |
| Personal name | Sedgwick, Robert |
| 245 ## - TITLE STATEMENT | |
| Title | Algorithms- (E-BOOK) |
| Statement of responsibility, etc. | Robert Sedgewick |
| 260 ## - PUBLICATION, DISTRIBUTION, ETC. | |
| Place of publication, distribution, etc. | New York |
| Name of publisher, distributor, etc. | Addision Wesley |
| Date of publication, distribution, etc. | 1983 |
| 300 ## - PHYSICAL DESCRIPTION | |
| Extent | 560 p. |
| 505 ## - FORMATTED CONTENTS NOTE | |
| Formatted contents note | Introduction 1. Preview Mathematical Algorithms 2. Arithmetic 3. Random Numbers 4. Polynomials 5. Gaussian Elimination 6. Curve Fitting 7. Integration Sorting 8. Elementary Sorting Methods 9. Quicksort 10. Radix Sorting 11. Priority Queues 12. Selection and Merging 13. External Sorting SEARCHIN 14. Elementary Searching Methods 15. Balanced Trees 16. Hashing 17. Radix Searching 18. External Searching String Processing 19. String Searching 20. Pattern Matching 21. Parsing 22. File Compression 23. Cryptology Geometric Algorithms 24. Elementary Geometric Methods 25. Finding the Convex Hull 26 Range Searching 27. Geometric Intersection 28. Closest Point Problems GRAPH ALGORITHMS 29. Elementary Graph Algorithms 30. Connectivity 31. Weighted Graphs 32. Directed Graphs 33. Network Flow 34. Matching Advanced Topics 35. Algorithm Machines 36. The Fast Fourier Transform 37. Dynamic Programming 38. Linear Programming 39. Exhaustive Search 40. NP-complete Problems |
| 650 ## - SUBJECT ADDED ENTRY--TOPICAL TERM | |
| Topical term or geographic name entry element | E-BOOK |
| 942 ## - ADDED ENTRY ELEMENTS (KOHA) | |
| Source of classification or shelving scheme | |
| Koha item type | Book |
| Withdrawn status | Lost status | Source of classification or shelving scheme | Damaged status | Not for loan | Collection code | Permanent Location | Current Location | Date acquired | Total Checkouts | Full call number | Barcode | Date last seen | Price effective from | Koha item type |
|---|---|---|---|---|---|---|---|---|---|---|---|---|---|---|
| Military College of Signals (MCS) | Military College of Signals (MCS) | 12/12/2016 | 519.4 SED | MCSEB-826 | 12/08/2016 | 12/12/2016 | Book | |||||||
| Military College of Signals (MCS) | Military College of Signals (MCS) | 12/12/2016 | 519.4 SED | MCSEB-830 | 12/08/2016 | 12/12/2016 | Book | |||||||
| Military College of Signals (MCS) | Military College of Signals (MCS) | 12/12/2016 | 519.4 SED | MCSEB-833 | 12/08/2016 | 12/12/2016 | Book |
